Surface water quality assessment for sustainable water management in Varsity Lake, University Malaya /
Saved in:
| Main Author: | |
|---|---|
| Format: | Thesis Book |
| Language: | English |
| Published: |
2018.
|
| Subjects: | |
| Online Access: | http://studentsrepo.um.edu.my/9147/ |
| Tags: |
Add Tag
No Tags, Be the first to tag this record!
|
| LEADER | 01715cam a2200373 i 4500 | ||
|---|---|---|---|
| 001 | u1092349 | ||
| 003 | SIRSI | ||
| 005 | 201808090915 | ||
| 008 | 180809s2018 my a m 000 0 eng | ||
| 040 | |a UMM |d UMJ |e rda | ||
| 043 | |a a-my--- | ||
| 090 | |a TA7 |b UM 2018 Nuzcm | ||
| 097 | |a TA145 |b UM 2018 Nuzcm | ||
| 100 | 0 | |a Nuzaima Che Mood, |e author. | |
| 245 | 1 | 0 | |a Surface water quality assessment for sustainable water management in Varsity Lake, University Malaya / |c Nuzaima binti Che Mood. |
| 264 | 1 | |c 2018. | |
| 300 | |a xvi, 130 leaves : |b illustrations ; |c 30 cm. | ||
| 336 | |a text |2 rdacontent | ||
| 337 | |a unmediated |2 rdamedia | ||
| 338 | |a volume |2 rdacarrier | ||
| 502 | |b M.Eng.Sc. |c Jabatan Kejuruteraan Awam, Fakulti Kejuruteraan, Universiti Malaya |d 2018. | ||
| 504 | |a Bibliography: leaves 110-117. | ||
| 530 | |a Also issued in CD. | ||
| 650 | 0 | |a Universiti Malaya. | |
| 650 | 0 | |a Water quality |z Malaysia |x Measurement. | |
| 650 | 0 | |a Water pollution |z Malaysia. | |
| 650 | 0 | |a Lakes |z Malaysia |x Management. | |
| 710 | 2 | |a Universiti Malaya. |b Jabatan Kejuruteraan Awam, |e degree granting institution. | |
| 596 | |a 1 7 | ||
| 856 | 4 | 1 | |u http://studentsrepo.um.edu.my/9147/ |
| 900 | |a NSR NSM AMA | ||
| 999 | |a TA7 UM 2018 NUZCM |w LC |c 1 |i A516998305 |d 6/9/2018 |f 6/9/2018 |g 1 |l STACKS |m P01UTAMA |r Y |s Y |t TESIS |u 6/9/2018 |1 STEM |o .PUBLIC. Embargoed until 30.04.2020, Released to stack |o .STAFF. | ||
| 999 | |a TA7 UM 2018 NUZCM |w LC |c 1 |i A516960287 |d 18/10/2018 |f 18/10/2018 |g 1 |l STACKS |m P07JURUTER |r Y |s Y |t TESIS |u 18/10/2018 |1 STEM |o .PUBLIC. |o .STAFF. | ||
| 999 | |a TA7 UM 2018 NUZCM |w LC |c 2 |i A516960313 |d 18/10/2018 |f 18/10/2018 |g 1 |l COUNTER |m P07JURUTER |r Y |s Y |t CD |u 18/10/2018 |1 STEM |o .PUBLIC. Embargoed until 30.04.2020 |o .STAFF. | ||
